000 00477nam a2200181Ia 4500
001 23779
005 20260414151000.0
008 260414t1996||||xx |||||||||||||| ||spa||
041 _aESP
082 _a709.0216
_bF74
100 _aFontoira Suris, Rafael
_eAUT
245 0 _aDescubrir el románico por tierras de Pontevedra y el Camino de Santiago
_b
260 _c1996
300 _a454 páginas :
_c30 cm.
650 _aABD
654 _aCAU
942 _cLIB
_dJUS
_fJUS
_2ddc
_n
999 _c23779
_d23779